00506cam a22001697a 4500008004000000020001500040082001600055100001800071245008700089260003000176300001000206650002000216650001900236650002900255650003200284700002000316180718b2004 xxu||||| |||| 00| 0 eng d a8185040834 aT19x54 D354 aDebroy, Bibek aIndia: the political economy of reformscedited by Bibek Debroy and Rahul Mukherji aNew DelhibBookwellc2004 a395p. aPoverty - India aLiberalization aEconomic reforms - India aIndia - Economic conditions aMukherji, Rahul